000
00352nam a2200157 4500
001
45684
090
_a
45684
100
_a
20260218 pory50
101
_a
por
102
_a
PT
200
_a
Sintra
_d
Villas & Golfe
_f
Villas & Golfe
210
_c
PM Media - Comunicação
215
_a
v.
675
_a
908(469)(05)
801
_a
PT
_g
RPC
990
_c
PERIODICOS